000 00529cam a22001814a 4500
005 20250605164245.0
008 250528s ||||||||||||||||||||||||d
035 _a21461
040 _aGR-AtMCL
_bgre
_dGR-AtMCL
_eAACR2
245 1 _aΨΥΧΟΣΩΜΑΤΙΚΕΣ ΑΡΡΩΣΤΙΕΣ / ΨΥΧΙΚΕΣ ΑΙΤΙΕΣ ΤΩΝ ΣΩΜΑΤΙΚΩΝ ΑΣΘΕΝΕΙΩΝ
250 _a1
260 _bΜπουκουμάνης,
_c1969
300 _a189
700 1 _aRattner Josef
_94326
942 _cBK
999 _c6523
_d6523